01219nas a2200241 4545000010006000000050017000060080037000230030015000600400040000750800035001152450095001500220014002452640033002593100027002925200393003190410008007121000021007207000072007416500017008136500027008306500014008578560106008711278620260407193504.0260407s2004####ag###########|||spa#dAR-UNSa-BCEJYS aAR-UNSa-BCEJYSbspacAR-UNSa-BCEJYS a657.47xContabilidad de Costos10aCostos y gestiónpRevista del Instituto Argentino de Profesores Universitarios de Costos a0327-5345 1aBuenos Aires :bLa Leyc2004 aFrecuencia: Trimestral aEsta publicación ha adquirido prestigio a nivel nacional e internacional en la especialidad, a lo largo de sus ediciones. El contenido es seleccionado por un Consejo Editorial, integrado por el Director de la Revista, un representante de la Comisión Directiva y un representante de la Comisión Técnica. El editor responsable de la misma recae en persona del Presidente del IAPUCO. aspa1 aLavolpe, Antonio1 aIAPUCO (Instituto Argentino de Profesores Universitarios de Costos) aCONTABILIDAD aContabilidad de costos aGestión41uhttps://biblioeco.unsa.edu.ar/pmb/images/revistas/Costos y Gestion.jpgyImagen de portadaqimage/jpeg